The great depression of 1990

Guardat en:
Dades bibliogràfiques
Autor principal: Batra, Ravi
Format: Llibre
Idioma:Undetermined
Publicat: New York Simon & Schuster 1987
Matèries:
Etiquetes: Afegir etiqueta
Sense etiquetes, Sigues el primer a etiquetar aquest registre!
Thư viện lưu trữ: Trung tâm Học liệu Trường Đại học Cần Thơ
LEADER 00473nam a2200181Ia 4500
001 CTU_82197
008 210402s9999 xx 000 0 und d
082 |a 338.5 
082 |b B328 
100 |a Batra, Ravi 
245 4 |a The great depression of 1990 
245 0 |c Ravi Batra 
260 |a New York 
260 |b Simon & Schuster 
260 |c 1987 
650 |a Economic forecasting 
904 |i Trọng Hải 
980 |a Trung tâm Học liệu Trường Đại học Cần Thơ